| 000 | 00866cam a22002771 4500 | ||
|---|---|---|---|
| 001 | 17974 | ||
| 003 | BD-RjUL | ||
| 005 | 20211209000223.0 | ||
| 008 | 140219r19691966enk b 000 0aeng | ||
| 035 | _a(BD-RjUL)18032 | ||
| 040 |
_aDLC _cDLC _dDLC _dBD-RjUL _beng |
||
| 041 | _aeng | ||
| 082 | 0 | 0 |
_a821.8 _bHAS 1969 |
| 100 | 1 |
_aHardy, Thomas, _d1840-1928. _955415 |
|
| 245 | 0 | 0 |
_aSelected shorter poems of Thomas Hardy / _cchosen and introduced by John Wain. |
| 260 |
_aLondon ; _aMelbourne : _bMacmillan, _c1966 [Reprinted 1969]. |
||
| 300 |
_axix, 136 p. ; _c18 1/2 cm. |
||
| 490 | 0 |
_aPapermac, _vP157 |
|
| 504 | _aBibliography: p. 132-133. | ||
| 650 | 0 |
_aCountry life _zEngland _zWessex _xPoetry. _955416 |
|
| 650 | 0 |
_aPastoral poetry, English. _955417 |
|
| 700 | 1 |
_aWain, John, _eed. _955418 |
|
| 942 |
_2ddc _cBK |
||
| 999 |
_c17974 _d17974 |
||